<?xml version="1.0" encoding="UTF-8"?>
<record
    xmlns:xsi="http://www.w3.org/2001/XMLSchema-instance"
    xsi:schemaLocation="http://www.loc.gov/MARC21/slim http://www.loc.gov/standards/marcxml/schema/MARC21slim.xsd"
    xmlns="http://www.loc.gov/MARC21/slim">

  <leader>00677nam a22001337a 4500</leader>
  <datafield tag="040" ind1=" " ind2=" ">
    <subfield code="c">rua</subfield>
  </datafield>
  <datafield tag="082" ind1=" " ind2=" ">
    <subfield code="a">VEM PHA 2024 B1-330 Or.</subfield>
  </datafield>
  <datafield tag="100" ind1=" " ind2=" ">
    <subfield code="a">PHALLA DAVID,&#x1795;&#x179B;&#x17D2;&#x179B;&#x17B6; &#x178A;&#x17C1;&#x179C;&#x17B7;&#x178A;</subfield>
  </datafield>
  <datafield tag="245" ind1=" " ind2=" ">
    <subfield code="a">CASE OF SALMONELLA SPP. ON PORK AT MARKET IN ROKA KRAV COMMUNE, KRONG DOUN KAEV, TAKEO PROVINCE,&#x1780;&#x179A;&#x178E;&#x17B8; SALMONELLA SPP. &#x179B;&#x17BE;&#x179F;&#x17B6;&#x1785;&#x17CB;&#x1787;&#x17D2;&#x179A;&#x17BC;&#x1780; &#x1793;&#x17C5;&#x1795;&#x17D2;&#x179F;&#x17B6;&#x179A;&#x1780;&#x17D2;&#x1793;&#x17BB;&#x1784;&#x1783;&#x17BB;&#x17C6;&#x179A;&#x1780;&#x17B6;&#x1780;&#x17D2;&#x179A;&#x17C5; &#x1780;&#x17D2;&#x179A;&#x17BB;&#x1784;&#x178A;&#x17BC;&#x1793;&#x1780;&#x17C2;&#x179C; &#x1781;&#x17C1;&#x178F;&#x17D2;&#x178F;&#x178F;&#x17B6;&#x1780;&#x17C2;&#x179C;</subfield>
  </datafield>
  <datafield tag="260" ind1=" " ind2=" ">
    <subfield code="a">phnom penh</subfield>
    <subfield code="b">rua</subfield>
    <subfield code="c">2024</subfield>
  </datafield>
  <datafield tag="300" ind1=" " ind2=" ">
    <subfield code="a">ix.39p.</subfield>
    <subfield code="b">ill.</subfield>
    <subfield code="c">29cm.</subfield>
  </datafield>
  <datafield tag="856" ind1=" " ind2=" ">
    <subfield code="u">https://drive.google.com/file/d/1RpQNV2KJRu7I_Obsk_vF6qrCSICOcmoe/view?usp=sharing</subfield>
  </datafield>
  <datafield tag="942" ind1=" " ind2=" ">
    <subfield code="c">VEM</subfield>
  </datafield>
  <datafield tag="999" ind1=" " ind2=" ">
    <subfield code="c">24745</subfield>
    <subfield code="d">24745</subfield>
  </datafield>
  <datafield tag="952" ind1=" " ind2=" ">
    <subfield code="0">0</subfield>
    <subfield code="1">0</subfield>
    <subfield code="4">0</subfield>
    <subfield code="6">VEM_PHA_2024_000000000000000_B1330_OR</subfield>
    <subfield code="7">0</subfield>
    <subfield code="9">104341</subfield>
    <subfield code="a">LBB</subfield>
    <subfield code="b">LBB</subfield>
    <subfield code="c">B1.330</subfield>
    <subfield code="d">2025-04-29</subfield>
    <subfield code="o">VEM PHA 2024 B1-330 Or.</subfield>
    <subfield code="p">a083514</subfield>
    <subfield code="r">2025-04-29</subfield>
    <subfield code="y">VEM</subfield>
  </datafield>
  <datafield tag="952" ind1=" " ind2=" ">
    <subfield code="0">0</subfield>
    <subfield code="1">0</subfield>
    <subfield code="4">0</subfield>
    <subfield code="6">VEM_PHA_2024_000000000000000_B1330_OR</subfield>
    <subfield code="7">0</subfield>
    <subfield code="9">104342</subfield>
    <subfield code="a">LBB</subfield>
    <subfield code="b">LBB</subfield>
    <subfield code="c">B1.330</subfield>
    <subfield code="d">2025-04-29</subfield>
    <subfield code="l">3</subfield>
    <subfield code="o">VEM PHA 2024 B1-330 Or.</subfield>
    <subfield code="p">a083504</subfield>
    <subfield code="r">2025-08-28</subfield>
    <subfield code="s">2025-07-23</subfield>
    <subfield code="y">VEM</subfield>
  </datafield>
</record>
